书目信息 |
| 题名: |
毛泽东与杨开慧
|
|
| 作者: | 王华 , 李林 著 | |
| 分册: | ||
| 出版信息: | 北京 中央文献出版社 2007 |
|
| 页数: | 287页 | |
| 开本: | 23cm | |
| 丛书名: | ||
| 单 册: | ||
| 中图分类: | A752 , K827=6 , A752 | |
| 科图分类: | ||
| 主题词: | 毛泽东--生平事迹 , 毛泽东--传记 | |
| 电子资源: | ||
| ISBN: | 978-7-5073-2225-5 | |
| 000 | 01085nam0 2200325 450 | |
| 001 | 1235925281 | |
| 005 | 20120928100107.40 | |
| 010 | @a978-7-5073-2225-5@dCNY35.80 | |
| 100 | @a20070319d2007 em y0chiy50 ea | |
| 101 | 0 | @achi |
| 102 | @aCN@b110000 | |
| 105 | @aa z 000yd | |
| 106 | @ar | |
| 200 | 1 | @a毛泽东与杨开慧@f王华,李林著@Amao ze dong yu yang kai hui |
| 210 | @a北京@c中央文献出版社@d2007 | |
| 215 | @a287页@c照片@d23cm | |
| 330 | @a本书描述了毛泽东与杨开慧既平凡又伟大的生活,使人们了解到毛泽东与杨开慧是热恋中的情人、生活中的伴侣,更是革命道路上肩并肩的战友。 | |
| 600 | 0 | @a毛泽东@f(1893-1976)@x生平事迹 |
| 600 | 0 | @a杨开慧@f(1901-1930) |
| 600 | 0 | @a杨开慧@f(1901-1930)@x生平事迹 |
| 600 | 0 | @a毛泽东@f(1893-1976) |
| 606 | 0 | @a毛泽东@x生平事迹 |
| 606 | 0 | @a毛泽东@x传记 |
| 690 | @aA752@v4 | |
| 690 | @aK827=6@v4 | |
| 690 | @aA752@v4 | |
| 701 | 0 | @a王华@c(法官,@f1962.9~)@4著@Awang hua |
| 701 | 0 | @a李林@c(女,@f1963.12~)@4著@Ali lin |
| 801 | 0 | @aCN@b大连网信软件有限公司图书馆·11@c20120928 |
| 905 | @a10447@dA752@eJY50 | |
| 毛泽东与杨开慧/王华,李林著.-北京:中央文献出版社,2007 |
| 287页:照片;23cm |
| ISBN 978-7-5073-2225-5:CNY35.80 |
| 本书描述了毛泽东与杨开慧既平凡又伟大的生活,使人们了解到毛泽东与杨开慧是热恋中的情人、生活中的伴侣,更是革命道路上肩并肩的战友。 |
| ● |
| 相关链接 |
|
|
|
|
正题名:毛泽东与杨开慧
索取号:A752/JY50
 
预约/预借
| 序号 | 登录号 | 条形码 | 馆藏地/架位号 | 状态 | 备注 |
| 1 | 7809373 | 278093732 | 学院路分馆/ [索取号:A752/JY50] | 在馆 | |
| 2 | 7809374 | 278093741 | 学院路分馆/ [索取号:A752/JY50] | 在馆 |